Invisible servilute (Record no. 175883)
[ view plain ]
| 000 -LEADER | |
|---|---|
| fixed length control field | 00648nam a2200229Ia 4500 |
| 003 - CONTROL NUMBER IDENTIFIER | |
| control field | OSt |
| 005 - DATE AND TIME OF LATEST TRANSACTION | |
| control field | 20250918180037.0 |
| 008 - FIXED-LENGTH DATA ELEMENTS--GENERAL INFORMATION | |
| fixed length control field | 210423s2011 xx 000 0 und d |
| 040 ## - CATALOGING SOURCE | |
| Transcribing agency | AL |
| 041 ## - LANGUAGE CODE | |
| Language code of text/sound track or separate title | English |
| 082 ## - DEWEY DECIMAL CLASSIFICATION NUMBER | |
| Classification number | 305.4 |
| Item number | LUKI |
| 100 ## - MAIN ENTRY--PERSONAL NAME | |
| Personal name | Berin Lukas |
| 9 (RLIN) | 120584 |
| 245 ## - TITLE STATEMENT | |
| Title | Invisible servilute |
| Remainder of title | : a study of domestic workers in Bangalore |
| 260 ## - PUBLICATION, DISTRIBUTION, ETC. | |
| Place of publication, distribution, etc. | Bangalore |
| Name of publisher, distributor, etc. | Department of Sociology |
| Date of publication, distribution, etc. | 2011 |
| 365 ## - TRADE PRICE | |
| Price amount | 200 |
| Currency code | INR |
| 650 ## - SUBJECT ADDED ENTRY--TOPICAL TERM | |
| Topical term or geographic name entry element | Sociology |
| 9 (RLIN) | 120585 |
| 650 ## - SUBJECT ADDED ENTRY--TOPICAL TERM | |
| Topical term or geographic name entry element | Women Studies |
| 9 (RLIN) | 120586 |
| 700 ## - ADDED ENTRY--PERSONAL NAME | |
| Personal name | Bandyopadhyay, Suchitra |
| 9 (RLIN) | 239457 |
| 700 ## - ADDED ENTRY--PERSONAL NAME | |
| Personal name | Saripalli. Gargi |
| 9 (RLIN) | 239458 |
| 906 ## - LOCAL DATA ELEMENT F, LDF (RLIN) | |
| a | Invisible ; servilute |
| 942 ## - ADDED ENTRY ELEMENTS (KOHA) | |
| Source of classification or shelving scheme | Dewey Decimal Classification |
| Koha item type | Book |
| Withdrawn status | Lost status | Damaged status | Not for loan | Collection code | Home library | Current library | Date acquired | Source of acquisition | Cost, normal purchase price | Total Checkouts | Full call number | Barcode | Date last seen | Price effective from | Koha item type |
|---|---|---|---|---|---|---|---|---|---|---|---|---|---|---|---|
| MSW | St Aloysius PG Library | St Aloysius PG Library | 08/12/2011 | Prajwal book distributors | 200.00 | 305.4 LUKI | PG022583 | 08/24/2022 | 04/26/2021 | Book |